Mand adhigamakon ka shekshik anusandhan:adyayan aadaton,heenta bhavnao aur aatmvishvas ke vishesh sandarbh mein (Record no. 7715)

MARC details
000 -LEADER
fixed length control field 00454nam a2200145Ia 4500
020 ## - INTERNATIONAL STANDARD BOOK NUMBER
ISBN 9788181981127
082 ## - DEWEY DECIMAL CLASSIFICATION NUMBER
Classification number 371.926072 DHA-M
100 ## - MAIN ENTRY--AUTHOR NAME
Personal name Dharmavat, Esha
245 #0 - TITLE STATEMENT
Title Mand adhigamakon ka shekshik anusandhan:adyayan aadaton,heenta bhavnao aur aatmvishvas ke vishesh sandarbh mein
260 ## - PUBLICATION, DISTRIBUTION, ETC. (IMPRINT)
Place of publication Jaipur
Name of publisher University Book House
Year of publication 2010
300 ## - PHYSICAL DESCRIPTION
Number of Pages 300
650 ## - SUBJECT ADDED ENTRY--TOPICAL TERM
Topical Term Slow learning children
650 ## - SUBJECT ADDED ENTRY--TOPICAL TERM
Topical Term People with mental disabilities
942 ## - ADDED ENTRY ELEMENTS (KOHA)
Koha item type Books
Holdings
Withdrawn status Lost status Damaged status Not for loan Collection code Home library Current library Date acquired Source of acquisition Bill Date Full call number Accession Number Price effective from Koha item type Public note
        हिंदी पुस्तकों पर विशेष संग्रह NASSDOC Library NASSDOC Library 30/03/2011 Gifted by : Sales Unit, ICSSR 2011-02-22 371.926072 DHA-M 47203 18/04/2019 Books हिंदी पुस्तकों पर विशेष संग्रह
        हिंदी पुस्तकों पर विशेष संग्रह NASSDOC Library NASSDOC Library 30/03/2011 Gifted by : Sales Unit, ICSSR 2011-02-22 371.926072 DHA-M 47204 18/04/2019 Books हिंदी पुस्तकों पर विशेष संग्रह